|
|
|
|
| LEADER |
00000nam a2200000 a 4500 |
| 001 |
vtls009455086 |
| 003 |
SK-MaSNL |
| 005 |
20260302080407.0 |
| 008 |
240315s2008 xr a d p 000 0 cze |
| 020 |
|
|
|a 9788073801236
|q (brož.)
|
| 040 |
|
|
|a SNK
|b slo
|c SNK
|e AACR2
|
| 041 |
0 |
|
|a cze
|
| 044 |
|
|
|a xr
|c CZ
|
| 072 |
|
7 |
|a 316.7
|x Sociológia kultúry. Kultúrny život
|2 konspekt
|
| 072 |
|
7 |
|a 37.016
|x Učebné osnovy. Vyučovacie predmety. Učebnice
|2 konspekt
|
| 080 |
|
|
|a 316.728
|2 2001
|
| 080 |
|
|
|a 316
|2 2001
|
| 080 |
|
|
|a (075.8)
|2 2001
|
| 100 |
1 |
|
|a Duffková, Jana,
|d 1954-
|4 aut
|9 111037
|
| 245 |
1 |
0 |
|a Sociologie životního stylu
|c Jana Duffková, Lukáš Urban, Josef Dubský
|
| 260 |
|
|
|a Plzeň
|b Aleš Čeněk
|c 2008
|
| 300 |
|
|
|a 237 s.
|b ilustr.
|c 21 cm
|
| 490 |
1 |
|
|a Vysokoškolské učebnice
|
| 504 |
|
|
|a Obsahuje bibliogr. a bibliografické odkazy
|
| 650 |
0 |
7 |
|a životný štýl
|2 SNKPH
|9 1704
|
| 650 |
0 |
7 |
|a Life style
|x sociological aspects
|2 SNKPHeng
|9 700524
|
| 650 |
0 |
7 |
|a sociologické aspekty
|2 SNKPH
|9 67369
|
| 655 |
|
7 |
|a učebnice vysokých škôl
|2 SNKPH
|9 70191
|
| 655 |
|
7 |
|a Textbooks (higher)
|2 SNKPHeng
|9 276436
|
| 700 |
1 |
|
|a Urban, Lukáš,
|d 1977-
|4 aut
|9 99616
|
| 700 |
1 |
|
|a Dubský, Josef,
|d 1946-
|4 aut
|9 200130
|
| 830 |
|
0 |
|a Vysokoškolské učebnice
|9 277152
|
| 919 |
|
|
|a 978-80-7380-123-6
|
| 999 |
|
|
|c 1172928
|d 1174858
|
| 952 |
|
|
|t snkDUF 316.7
|a SNKUST
|b SNKUST
|y PREZ
|7 0
|p 17A0618248
|o snkIC 137578
|i snk2009/6470
|8 4
|g 10.32
|0 0
|1 0
|4 0
|d 2008-12-15
|l 0
|r 2025-04-29 00:00:00
|w 2026-02-24
|